| 000 | 00682nam a2200253Ia 4500 | ||
|---|---|---|---|
| 003 | OSt | ||
| 005 | 20221007072951.0 | ||
| 006 | a|||||r|||| 00| 0 | ||
| 007 | ta | ||
| 008 | 221006b |||||||| |||| 00| 0 eng d | ||
| 024 | _a2,189 | ||
| 037 | _cTextual | ||
| 040 |
_aFLL _cFLL _beng |
||
| 041 |
_2eng _aeng |
||
| 082 | _aY1:45:5.73, J3;K4 | ||
| 100 |
_aTaft D.R. Au. _9691697 |
||
| 245 | 0 | _aCriminology | |
| 250 | _a4th | ||
| 260 |
_aLondon _bThe macmillan company U.K. _c1964 |
||
| 650 | _aCriminology | ||
| 700 |
_a England R.W. Au. _9691698 |
||
| 942 |
_hY1:45:5.73, J3;K4 _cTEXL _2CC |
||
| 999 |
_c1147370 _d1147370 |
||